000 00603na a2200229 4500
001 19084
003 MIRAKIL
005 20181213155051.0
008 170116b tu 000 0
020 _a9786055985035
040 _aMilas
_btur
_cTR-AnCHP
041 _atur
082 _a370.15
_bD35e 2007
090 _a370.15 D35e 2007
100 _aDeniz,M. Engin
245 _aEğitim psikolojisi
_cM.Engin Deniz
260 _aAnkara
_bMaya Akademi Yayın Dağıtım
_c2007
300 _a378 s.
_c24 sm.
500 _aKaynakça var.
650 _aEğitim psikolojisi
_zTürkiye
942 _2ddc
_cBKS
999 _c5941
_d5941